Loading...
Fine Arts - Classical Music | 8 | 11.25 | 88% | 25% | 0% |
Fine Arts - Other Fine Arts | 7 | 15.71 | 100% | 57% | 0% |
Fine Arts - Visual Fine Arts | 8 | 12.50 | 88% | 25% | 13% |
Geography/Current Events | 1 | 0.00 | 0% | 0% | 0% |
History - American History | 6 | 15.00 | 100% | 50% | 0% |
History - European History | 9 | 13.33 | 89% | 33% | 11% |
History - Other History | 7 | 17.14 | 100% | 43% | 29% |
History - World History | 8 | 17.50 | 100% | 63% | 13% |
Literature - American Literature | 6 | 18.33 | 100% | 67% | 17% |
Literature - British Literature | 6 | 23.33 | 100% | 100% | 33% |
Literature - European Literature | 9 | 23.33 | 100% | 100% | 33% |
Literature - World/Other Literature | 8 | 17.50 | 100% | 50% | 25% |
Mythology | 5 | 20.00 | 100% | 80% | 20% |
Other Academic | 1 | 20.00 | 100% | 0% | 100% |
Philosophy | 8 | 15.00 | 88% | 63% | 0% |
Pop Culture | 1 | 20.00 | 100% | 100% | 0% |
Religion | 9 | 12.22 | 89% | 22% | 11% |
Science - Biology | 6 | 11.67 | 83% | 33% | 0% |
Science - Chemistry | 1 | 20.00 | 100% | 100% | 0% |
Science - Other Science | 8 | 11.25 | 75% | 38% | 0% |
Science - Physics | 8 | 15.00 | 100% | 38% | 13% |
Social Science | 10 | 10.00 | 70% | 20% | 10% |
World/Other Literature> | 1 | 30.00 | 100% | 100% | 100% |